| 000 | 00799nam a2200241 i 4500 | ||
|---|---|---|---|
| 001 | bg | ||
| 100 | 1 | _aWOŹNIAK, Wiesław | |
| 245 | 1 | 0 |
_aCiągniki i maszyny rolnicze : _bbudowa, przeznaczenie / _cWiesław Woźniak ; Przemysłowy Instytut Maszyn Rolniczych. |
| 250 | _aWyd. 5. | ||
| 260 |
_aPoznań : _bBranżowy Ośrodek Informacji Naukowej, Technicznej, Ekonomicznej i Normalizacyjnej PIMR, _c2004/2005. |
||
| 300 |
_a1128 s. : _bil. ; _c24 cm. |
||
| 650 | 9 | _aCiągniki | |
| 650 | 9 |
_aRolnictwo _xnarzędzia i maszyny |
|
| 655 | _aInformatory | ||
| 710 | 0 | _aPrzemysłowy Instytut Maszyn Rolniczych (Poznań) | |
| 020 | _a8390120682 | ||
| 040 | _cBPK | ||
| 041 | 0 | _apol | |
| 080 | _a631.3(085.2) | ||
| 920 | _a83-901206-8-2 | ||
| 942 | _cKA | ||
| 008 | s pl f |000 0 pol | ||
| 999 |
_c35102 _d35102 |
||
| 856 |
_uhttp://koha.tu.koszalin.pl/cgi-bin/koha/opac-detail.pl?biblionumber=35102 _yKatalog online BPK |
||